000 00285 a2200121 4500
001 32863
082 _a670.423 MOL
090 _c22036
_d22036
100 _aMoltrecht,K.H
245 _aMachine Shop Practice, 2/e, Vol. 1
250 _a2
260 _aNY
_bIndustrial Press Inc
_c1981
942 _aNUST-CAE
_k670.423 MOL
999 _c267936
_d267936